000 00461nam a2200157 4500
001 116659
003 ES-MaACL
005 20230906190738.0
007 t|
008 061121s1972 sp r ||||1| spa d
100 1 _aParzen, Emanuel.
_989302
245 1 0 _aProcesos estocásticos /
_cEmanuel Parzen ; [traducción Emilio Romero Ros].
260 _aMadrid :
_bParanínfo,
_c1972.
700 1 _aRomero Ros, Emilio.
_999436
852 _aES-MaACL
_jC-41118
_bR.80045
999 _c116659
_d116659